000 01611cam a2200445Ki 4500
003 PE-LiUPU
005 20250731173104.0
008 180817s2007 tnua rb 000 0 spa d
020 _a1593370334
020 _a085151266
035 _a(Sirsi) a249307
040 _aPE-LiUPU
_bspa
_cPE-LiUPU
_erda
049 _aPRUA
082 0 4 _a268.407
_bW34
_221
100 1 _aCecilia, López Sainz,
_eautor.
245 1 4 _aThe christian school :
_bAn introduction /
_cpor Noel Weeks.
300 _a203 páginas ;
_c22 centímetros.
336 _atext
_2rdacontent
337 _aunmediated
_2rdamedia
338 _avolume
_2rdacarrier
505 _aWhy Schooling -- Rationalism and Education -- Romanticism and Education -- The social role of school -- teaching -- Relationships within the school community -- Evangelism and the Christian School -- History -- Science -- Language -- Lierature -- Mathematic -- other Areas -- Conclusion.
526 _aSEG42
526 _aSEG41
526 _aSEG40
526 _aSEG39
526 _aP94
526 _aP87
526 _aP86
526 _aP85
526 _aP77
526 _aP76
526 _aP35
650 1 7 _aEducación cristiana de niños.
_2embne.
910 _adbm
_bksl
_cksl
_d20180817
942 _2ddc
_cBOOK
994 _aC0
_bPEPRUE
596 _a1
999 _a286.407 W34 1988
_wDEWEY
_c28881
_i79216
_f2021-11-11
_g5
_lCCODEBUL1
_mBUL
_p20.00
_r0
_sY
_tBOOK
_u2018-7-23
_xTEOLOGIA
_PP35
_0DONACION
_o.STAFF. Colección Teología
_d28881
980 _81
_gALBERTO SANCHEZ Responsable de Automatización